000 01189nam a22002657a 4500
005 20101206113148.0
008 101206t xxu||||| |||| 00| 0 hin d
010 _aHIN-93255
020 _c250.00
_a9788188212490
035 _aHN-65601
037 _bDBAD/PUB
040 _aDPL
_bHN
082 _a808.88
100 _924598
_aदुबे, राजेन्द्र
245 _aमानवता की परिक्रमाः
_cराजेन्द्र दुबे
_bआध्यात्मिक लेखों का संकलन /
260 _aइलाहाबाद
_bविभोर प्रकाशन
_c2010
270 _bइलाहाबाद
_a49-बी, हेस्टिंग रोड, सरकिट हाउस के सामने
_e211001
300 _a208पृ.
_c22सेमी (सजिल्द)
650 _91169
650 _929580
700 _924599
700 _924924
942 _2ddc
_cHN
_mदुबेरा
_h808.88
999 _c53992
_d53992